000 00899nam a2200277Ia 4500
003 OSt
005 20220926015433.0
006 a|||||r|||| 00| 0
007 ta
008 220923b |||||||| |||| 00| 0 eng d
020 _a0333990285
_c1502.8800000000001
037 _b5129, 17/02/2005, Overseas
_cGeneral Book
040 _aRTL
_cRTL
_beng
041 _2eng
_aeng
082 _aX:(Z,2674), P2
100 _aDrahos Peter Ed.
_9322269
245 0 _aGlobal intellectual property rights
_b Knowledge ac
260 _aNew York
_bPalgrave Macmillan
_c2002
300 _axiv, 281p
_ccm.
490 _aOxford GB
500 _aBibliography Chapterwise
650 _aEconomic Irt Copy Right
_9322270
700 _a Mayne Ruth Ed.
_9322271
942 _hX:(Z,2674), P2
_cGB
_2CC
999 _c631531
_d631531